Regio's van Frankrijk - KAART - Statistieken

Algemene statistieken
  • Deze quiz is 219 keer genomen
  • De gemiddelde score is 8 van 18
Antwoorden op de kaart
Antwoorden kleurgecodeerd door een groen-rode schaal op de quizkaart volgens % correct hieronder.
 
Antwoordstatistieken
Hoofdstad Regio % Correct
Rouen Normandie
89%
Ajaccio Corsica
76%
Rennes Bretagne
72%
Parijs Île-de-France
68%
Straatsburg Grand Est
63%
Toulouse Occitanie
47%
Rijsel Hauts-de-France
41%
Lyon Auvergne-Rhône-Alpes
39%
Dijon Bourgogne-Franche-Comté
38%
Marseille Provence-Alpes-Côte d'Azur
38%
Bordeaux Nouvelle Aquitaine
37%
Nantes Pays de la Loire
36%
Orléans Centre-Val de Loire
30%
Cayenne Frans Guyana
26%
Saint-Denis Réunion
21%
Fort-de-France Martinique
17%
Basse-Terre Guadeloupe
15%
Mamoudzou Mayotte
11%
Geen overeenkomende quizzen gevonden
Scoreverdeling
Procent van Mensen met Elke Score
Percentiel versus Aantal Correcte Antwoorden
Uw Scoregeschiedenis
U heeft deze quiz nog niet genomen